00325nam a2200133Ia 4500008004100000041000800041082001400049100001700063245002400080250001400104260002600118300001900144520002800163240719s9999 xx 000 0 und d aeng a658.5 SLA aSlack, Nigel aOperations Strategy a(5th Ed.) aNoidabPearson,c2021 a471;. P. 24 Cm aGifted By : IMT Faculty